000 00427nam a22001697a 4500
999 _c526989
_d526989
003 NUST
020 _qP/B
038 _awaseem
082 _a954
_bALI
100 _aAli, Mubharak
_914444
245 _aSahmai Tareekh /
_cMubharak Ali
260 _aLahore :
_bTareekh Publications,
_c2000.
300 _a368 p. ;
880 _6100-01\r
_aمبارک علی
880 _6245-02\r
_aسہ ماہی تاریخ /
942 _2ddc
_cBK